|
|
|
|
| LEADER |
00000nam2a2200000 4500 |
| 001 |
97001 |
| 005 |
20231031110743.0 |
| 035 |
|
|
|a (RuTPU)RU\TPU\book\103945
|
| 090 |
|
|
|a 97001
|
| 100 |
|
|
|a 20060522d1958 k y0rusy50 ca
|
| 101 |
0 |
|
|a rus
|
| 102 |
|
|
|a RU
|
| 105 |
|
|
|a a g 001zy
|
| 200 |
0 |
|
|a Т. 1 : Организация и конструкторская подготовка ремонтных работ
|f А. А. Барсуков [и др.]
|g отв. ред. Р. А. Носкин
|
| 210 |
|
|
|d 1958
|
| 215 |
|
|
|a 768 с.
|c ил.
|
| 320 |
|
|
|a Библиогр. в конце гл.
|
| 461 |
|
1 |
|0 (RuTPU)RU\TPU\book\132444
|t Справочник механика машиностроительного завода
|o в 2 т.
|f под ред. Ю. С. Борисова; А. П. Владзиевского; Р. А. Носкина
|v Т. 1 : Организация и конструкторская подготовка ремонтных работ
|d 1958
|
| 610 |
1 |
|
|a машиностроительные заводы
|
| 610 |
1 |
|
|a справочники
|
| 610 |
1 |
|
|a ремонтные работы
|
| 610 |
1 |
|
|a конструкторская подготовка
|
| 610 |
1 |
|
|a эксплуатация
|
| 610 |
1 |
|
|a техническое состояние
|
| 610 |
1 |
|
|a надзор
|
| 610 |
1 |
|
|a оборудование
|
| 610 |
1 |
|
|a модернизация
|
| 675 |
|
|
|a 621.8(035)
|v 3
|
| 701 |
|
1 |
|a Барсуков
|b А. А.
|
| 701 |
|
1 |
|a Борисов
|b Ю. С.
|
| 701 |
|
1 |
|a Вакс
|b Д. И.
|
| 701 |
|
1 |
|a Владзиевский
|b А. П.
|
| 702 |
|
1 |
|a Носкин
|b Р. А.
|4 340
|
| 801 |
|
1 |
|a RU
|b 63413507
|c 20060522
|g PSBO
|
| 801 |
|
2 |
|a RU
|b 63413507
|c 20221026
|g PSBO
|
| 942 |
|
|
|c BK
|